00423 2200169 4500001002100000005001500021008004100036035001900077041000700096082000800103090001400111100002200125245002800147260004200175300002200217650001400239INLIS00000000001736620241224115310241224||||||||| | ||| |||| || |  0010-1224017366 aid0 a650 a650 Nit k0 aAlex S Nitisemito00aSERI PERUSAHAAN PRAKTIS aJakarta TimurbGhalia Indonesiac1984 a31hlm;14.5x20.5cm 0amanajemen